L'enseignement superieur et l'idee d'universite
Αποθηκεύτηκε σε:
| Κύριος συγγραφέας: | |
|---|---|
| Μορφή: | Βιβλίο |
| Γλώσσα: | French |
| Δημοσίευση: |
Paris :
Economica,
c1986
|
| Θέματα: | |
| Ετικέτες: |
Προσθήκη ετικέτας
Δεν υπάρχουν, Καταχωρήστε ετικέτα πρώτοι!
|
MARC
| LEADER | 00000nam a2200000 i 4500 | ||
|---|---|---|---|
| 001 | 1/39864 | ||
| 008 | 950812s1986 fre d | ||
| 020 | |a 2717811028 |c 125F | ||
| 035 | |l 10025124 | ||
| 040 | |a GR-MY-UA |b gre |e aacr | ||
| 041 | 0 | |a fre | |
| 082 | 0 | |a 378.44 |2 (19) | |
| 100 | 1 | |a Bienayme, Alain. | |
| 245 | 1 | 0 | |a L'enseignement superieur et l'idee d'universite / |c Alain Bienayme |
| 260 | |a Paris : |b Economica, |c c1986 | ||
| 300 | |a 328 p.; |b ill.; |c 24 cm | ||
| 504 | |a Includes bibliographical references and index | ||
| 650 | 0 | 0 | |a Universities and colleges |z France. |
| 650 | 0 | 0 | |a Social institutions |z France. |
| 650 | 0 | 0 | |a Higher education and state |z France. |
| 650 | 0 | 0 | |a University autonomy |z France. |
| 650 | 0 | 0 | |a Research institutes |z France. |
| 852 | |a INST |b CHIOS |e 19950812 |h 378.44 BIE |p 005200001158 |q 005200001158 |t BK |y 0 | ||
| 909 | |a Χ |b 010939 | ||